000 01601nam a22002897a 4500
005 20090120150056.0
008 090120t xxu||||| |||| 00| 0bhin d
010 _aHIN-85926
020 _a8190183834
_c200.00
035 _aHN-58272
037 _bDBAD / PUB
040 _aDPL
_bHN
082 _a921
100 _aनिशांत सिंह
245 _aप्रतिभा पाटिल :
_bमहिला सशक्तिकरण की प्रतीक /
_cनिशांत सिंह
246 _aMahilaa sasaktikarana kii pratiika Pratibha Patil
_bby Nishant Singh
260 _aदिल्ली
_bजसवन्ती प्रकाशन
_c2008
270 _a518/7-बी, पहली मंजिल, शॉप नं.-1 कड़कड़ी रोड , विश्वास नगर, शाहदरा
_bदिल्ली
_e110 032
300 _a144पृ.:
_c22सेमी (सजिल्द)
_bसचित्र
600 _aपाटिल, प्रतिभा
600 _aPatil, Pratibha
650 _aराष्ट्रपति
_vजीवनी
_zभारत
650 _aPresidents
_vBiography
_zIndia
942 _2ddc
_cHN
_mपाटिल
_h921
999 _c21736
_d21736